000
nam a22 4500
999
_c
94442
_d
94441
005
20180523175518.0
008
180523b ||||| |||| 00| 0 eng d
080
_a
F MULL
100
_a
Muller, Carl
245
_a
Colombo
_b
A novel
260
_a
Delhi
_b
Penguin Books India
_c
1995
300
_a
481p.
653
_a
Fiction-English
942
_c
BK